000 00207 a2200097 4500
001 1759
100 _aGraham, F.W.
245 _aReading, Audels Answers on
260 _a
_bTheo Audel
_c
090 _c1295
_d1295
942 _aNUST-CAE
_cM
_c3280
999 _c236832
_d236832